Book Uncle And Me (Record no. 79388)

MARC details
000 -LEADER
fixed length control field 00521nam a22001937a 4500
005 - DATE AND TIME OF LATEST TRANSACTION
control field 20130913163450.0
010 ## - LCCN (DPL NO)
LC control number G-2224
020 ## - INTERNATIONAL STANDARD BOOK NUMBER
International Standard Book Number 9788184778502
Terms of availability 150.00
035 ## - SYSTEM CONTROL NUMBER
System control number G-2224
037 ## - SOURCE OF ACQUISITION
Stock number GIFT
082 ## - DEWEY DECIMAL CLASSIFICATION NUMBER
Classification number S
100 ## - MAIN ENTRY--PERSONAL NAME
Personal name Krishnaswami,Uma
245 ## - TITLE STATEMENT
Title Book Uncle And Me
Statement of responsibility, etc by/Uma Krishnaswami
260 ## - PUBLICATION, DISTRIBUTION, ETC. (IMPRINT)
Place of publication, distribution, etc Gurgaon
Name of publisher, distributor, etc Scholastic
270 ## - ADDRESS
Address Golf View Corporate Tower-a,3rd Floor,DLF Phase V
City Gurgaon
Postal code 122002
300 ## - PHYSICAL DESCRIPTION
Extent 106p
Other physical details ill.
Dimensions 18cm(pbk)
942 ## - ADDED ENTRY ELEMENTS (KOHA)
Source of classification or shelving scheme Dewey Decimal Classification
Item type Children Books
Classification part S
Call number prefix KRI
Holdings
Withdrawn status Lost status Not for loan Collection code Home library Current library Date acquired Cost, normal purchase price Full call number Barcode Copy number Cost, replacement price Koha item type
      Fiction Narela Narela 13/09/2013 150.00 S G-2224 1 150.00 Children Books

© Delhi Public Library
Hit Counter
free hit counter